000 00320nam a22001217a 4500
008 180521b xxu||||| |||| 00| 0 eng d
041 _aeng
080 _a043.3
100 _a0
101 _aMBE-BA
245 _aMenaxhimi i Riskut, Luhatjet ne Kursin Valutor dhe Investimet e huaja direkte
_cShala, K
942 _2udc
_cBK
999 _c46122
_d46122